Представление документа в формате RUSMARC

ПолеНазваниеЗначение
  Тип записи a
  Библиографический уровень m
001 Контрольный номер 9b1b6a69c9a64eaca7fb75bc6f2f403f
005 Дата корректировки 20140702100415.9
010 Индекс ISBN __
a ISBN 5-85438-113-3
200 Заглавие и сведения об ответственности 1_
a Заглавие ВТО:практический совет
e Сведения, относящиеся к заглавию [учеб.-метод.пособие]
f Первые сведения об ответственности Т. Б. Рубинштейн
210 Выходные данные 1_
a Место издания М.
c Издательство Гелиос АРВ
d Дата издания 2004
215 Физическое описание __
a Объем 525 с.
610 Ключевые слова 0_
a Ключевые слова ВТО
610 Ключевые слова 0_
a Ключевые слова всемирная торговая организация
610 Ключевые слова 0_
a Ключевые слова тарифная политика
610 Ключевые слова 0_
a Ключевые слова таможенная политика
610 Ключевые слова 0_
a Ключевые слова антидемпинговая политика
610 Ключевые слова 0_
a Ключевые слова Россия
610 Ключевые слова 0_
a Ключевые слова торговля услугами
610 Ключевые слова 0_
a Ключевые слова финансовые услуги
686 Индексы других классификаций __
a Классификационный индекс 65.584.3
2 Код системы rubbk
686 Индексы других классификаций __
a Классификационный индекс 65.9(2)843
2 Код системы rubbk
700 Автор _1
a Фамилия Рубинштейн
b Имя Т. Б.
g Полное личное имя Теодор Борисович
801 Источник записи _0
a Страна RU
b Организация РУК
c Дата составления 20041018
g Правила каталогизации PSBO
801 Источник записи _1
a Страна RU
b Организация РУК
c Дата составления 20041018
g Правила каталогизации PSBO
852 Данные о местонахождении __
i Авторский знак Р 82
j Шифр хранения ББК 65.5
901 Тип документа __
t Тип документа m
938 Служебная информация __
a Название организации Головной вуз
b Имя БД BOOK
c Название АИБС АИБС ИРБИС